LEADER 01217oas 2200517 a 450 001 9910143805603321 005 20251105213014.0 035 $a(OCoLC)43852562 035 $a(CONSER) 00214660 035 $a(CKB)991042723548010 035 $a(EXLCZ)99991042723548010 100 $a20000414a19979999 sy a 101 0 $aeng 135 $aurcn||||||||| 181 $ctxt$2rdacontent 182 $cc$2rdamedia 183 $acr$2rdacarrier 200 00$aBig bridge 210 $aPacifica, CA $cBig Bridge Press 311 08$a1529-7136 531 0 $aBig bridge 606 $aAmerican poetry$y20th century$vPeriodicals 606 $aAmerican poetry$2fast$3(OCoLC)fst00807348 608 $aPeriodicals.$2fast 615 0$aAmerican poetry 615 7$aAmerican poetry. 676 $a808 801 0$bNSD 801 1$bNSD 801 2$bOCLCQ 801 2$bIUL 801 2$bOCLCQ 801 2$bOCLCF 801 2$bOCLCO 801 2$bOCLCQ 801 2$bOCL 801 2$bDLC 801 2$bBWN 801 2$bVT2 801 2$bOCLCQ 801 2$bOCLCL 801 2$bOCLCQ 906 $aJOURNAL 912 $a9910143805603321 996 $aBig bridge$92580808 997 $aUNINA